| 000 | 00860nas a2200265Ia 4500 | ||
|---|---|---|---|
| 001 | A50/R028-4300 [r000001426] | ||
| 003 | IT-MiCISF | ||
| 008 | 161014c99999999xx |||||||||||| ||und|| | ||
| 040 |
_aIT-MiCISF _cIT-MiCISF |
||
| 041 | _aITALIANO | ||
| 100 | _aVella Charles G. | ||
| 210 | _aLa famiglia | ||
| 222 | _aLa famiglia | ||
| 245 | 0 | _aL'equipe consultoriale. Dinamica di gruppo e rapporto con l'utente | |
| 250 | _a1a ed. | ||
| 260 | _c1982 | ||
| 501 |
_bCISF - Centro Internazionale Studi Famiglia - Via Giotto, 36 20145 MILANO (non commercial uses only) _cCopyright 2016 |
||
| 300 | _app. 52-64 | ||
| 362 | _a96, nov-dic. [1982] | ||
| 500 | _a Tema: consultori, équipe, lavoro, formazione, consulenti, utenti | ||
| 650 |
_aFAMIGLIA - consulenza familiare _varticolo |
||
| 700 | _aAA.VV. | ||
| 942 | _cCR | ||
| 957 | _71 | ||
| 999 |
_a4300 _bSi _g1 _c223485 _d223485 |
||